Building Tools with GitHub : Customize Your Workflow /
Na minha lista:
| Autor principal: | |
|---|---|
| Formato: | Livro |
| Idioma: | inglês |
| Publicado em: |
Sebastopol, EUA :
O'Reilly,
2016, c2016
|
| Assuntos: | |
| Acesso em linha: | Ver documento en línea |
| Tags: |
Sem tags, seja o primeiro a adicionar uma tag!
|
MARC
| LEADER | 00000nam^a2200000^a^4500 | ||
|---|---|---|---|
| 001 | 000381954 | ||
| 005 | 20251023000000.0 | ||
| 009 | 20260310120719.221 | ||
| 020 | |a 978-1-491-93347-3 | ||
| 037 | |a Acervo ITESO - Biblioteca | ||
| 041 | |a ING | ||
| 082 | |a 005. 1 |b DAW | ||
| 100 | |a Dawson, Chris |e (autor) | ||
| 245 | 1 | 0 | |a Building Tools with GitHub : |b Customize Your Workflow / |c C. Dawson ; colaboración de Ben Straub. |
| 264 | 4 | |a Sebastopol, EUA : |b O'Reilly, |c 2016, c2016 | |
| 264 | 2 | |a Birmingham, EUA : |b EBSCOhost [distribución], |c 2016 | |
| 300 | |a 1 libro electrónico en línea (XIX, 278 p.) | ||
| 336 | |a datos para computadora |b cod |2 rdacontenido | ||
| 337 | |a computadora |b c |2 rdamedio | ||
| 338 | |a recurso en línea |b cr |2 rdasoporte | ||
| 506 | 1 | |a 1 licencia | |
| 521 | |a Peticiones 2016 Juan Diego Sánchez Torres | ||
| 649 | |a XX | ||
| 650 | |a Interfaz de Usuario | ||
| 650 | |a Sistemas Operativos | ||
| 650 | |a Computación Móvil | ||
| 650 | |a Sistemas Móviles de Comunicación | ||
| 650 | |a Páginas en Línea - |x Diseño y Construcción | ||
| 650 | |a Control de Versiones - |x Tema Principal | ||
| 650 | |a Archivo de Datos - |x Administración | ||
| 650 | |a Proceso Electrónico de Datos - |x Administración | ||
| 650 | |a Proceso de Datos - |x Administración | ||
| 650 | |a Paquetes (Software) - |x Tema Principal | ||
| 650 | |a Programación (Software) - |x Tema Principal | ||
| 650 | |a Desarrollo de Sistemas | ||
| 650 | |a Sistemas Computacionales | ||
| 650 | |a Sistemas de Telecomunicación | ||
| 650 | |a Ingeniería Computacional | ||
| 856 | 4 | 0 | |u https://ezproxy.iteso.mx/login?url=https://search.ebscohost.com/login.aspx?direct=true&scope=site&db=nlebk&db=nlabk&AN=1167128 |y Ver documento en línea |
| 910 | |a Fondo General | ||
| 920 | |a Electrónicos - Libros en Línea | ||
| 930 | |a Plataforma Digital | ||
| 905 | |a 205 | ||
| 901 | |a 381954 |b IT2 |c EBO |i C1088 |u 20250521 | ||
| 902 | |a https://opac.biblio.iteso.mx/vufind/Record/000381954 | ||